00501pab a2200169 454500008004000000100001800040245007600058260000900134300001400143362000800157650001400165773002500179908000600204909001000210999001700220952009400237180718b2011 xxu||||| |||| 00| 0 eng d aAllan, T.R.S. aJudicial deference and judicial review: Legal doctrine and legal theory c2011 ap.96-117. aJan aJudiciary aLaw Quarterly Review aN a92404 c92404d92404 00104070aIIPAbIIPAd2018-07-19hVolume no: 127, pAR92864r2018-07-19w2018-07-19yAR